Loading...
| Science - Other | 0 | 5 | 1 | 0 | 45 | 51 | 82.40 | 1 | 3 | 0.00 | 0.00 |
| History - Other | 0 | 4 | 1 | 3 | 35 | 127 | 132.50 | 0 | 0 | 0.00 | 0.00 |
| Religion | 0 | 2 | 1 | 0 | 15 | 22 | 66.00 | 0 | 0 | 0.00 | 0.00 |
| History - World | 0 | 2 | 1 | 0 | 15 | 95 | 111.00 | 0 | 0 | 0.00 | 0.00 |
| Social Science | 0 | 2 | 1 | 1 | 15 | 72 | 103.00 | 0 | 1 | 0.00 | 0.00 |
| Other Academic | 0 | 1 | 1 | 0 | 5 | 95 | 95.00 | 0 | 1 | 0.00 | 0.00 |
| Geography | 0 | 1 | 1 | 0 | 5 | 138 | 138.00 | 0 | 0 | 0.00 | 0.00 |
| Science - Physics | 0 | 1 | 2 | 0 | 0 | 71 | 71.00 | 1 | 1 | 0.00 | 0.00 |
| History - European | 0 | 0 | 0 | 0 | 0 | 0.00 | 0 | 0 | 0.00 | 0.00 | |
| History - American | 0 | 0 | 0 | 0 | 0 | 0.00 | 0 | 0 | 0.00 | 0.00 | |
| Literature - World | 0 | 0 | 1 | 0 | -5 | 0.00 | 0 | 0 | 0.00 | 0.00 | |
| Current Events | 0 | 0 | 2 | 0 | -10 | 0.00 | 0 | 0 | 0.00 | 0.00 | |
| Mythology | 0 | 0 | 3 | 0 | -15 | 0.00 | 0 | 0 | 0.00 | 0.00 |